书目信息 |
| 题名: |
扬州城国家考古遗址公园
|
|
| 作者: | 王学荣 , 武廷海 , 王刃馀 著 | |
| 分册: | 唐子城·宋宝城城墙 | |
| 出版信息: | 北京 中国建筑工业出版社 2017.11 |
|
| 页数: | 176页 | |
| 开本: | 25x34cm | |
| 丛书名: | 国家重要文化遗产地保护规划档案丛书 | |
| 单 册: | ||
| 中图分类: | TU984.253.3 | |
| 科图分类: | ||
| 主题词: | 古城遗址(考古)--gu cheng yi zhi (kao gu)--保护--城市规划--扬州市 | |
| 电子资源: | ||
| ISBN: | 978-7-112-21513-3 | |
| 000 | 01815nam 2200313 450 | |
| 001 | 012018000408 | |
| 005 | 20190307155709.36 | |
| 010 | @a978-7-112-21513-3@b精装@dCNY198.00 | |
| 100 | @a20180517d2017 em y0chiy50 ea | |
| 101 | 0 | @achi |
| 102 | @aCN@b110000 | |
| 105 | @aak a 000yy | |
| 200 | 1 | @a扬州城国家考古遗址公园@Ayang zhou cheng guo jia kao gu yi zhi gong yuan@i唐子城·宋宝城城墙@f王学荣 ... [等] 著@Fwang xue rong ... [deng] zhu |
| 210 | @a北京@c中国建筑工业出版社@d2017.11 | |
| 215 | @a176页@c图 (部分彩图)@d25x34cm | |
| 225 | 2 | @a国家重要文化遗产地保护规划档案丛书@Aguo jia zhong yao wen hua yi chan di bao hu gui hua dang an cong shu |
| 304 | @a题名页题: 王学荣, 武廷海, 王刃馀, 胡浩著 | |
| 306 | @a本书得到“扬州城国家考古遗址公园”项目资助出版 | |
| 320 | @a有书目 | |
| 330 | @a本书主要内容是关于扬州城国家考古遗址公园中唐子城、宋宝城城墙遗迹保护与展示的概念性设计方案。该方案系根据2012年中国社会科学院、清华大学建筑学院共同完成的《扬州城国家考古遗址公园--唐子城·宋宝城城垣及护城河保护展示总则》(出版名称) 的主导思想完成的。其主要内容涵盖了对扬州蜀岗上唐子城、宋宝城历史城壕遗存的结构分析、保存状况评估、保护与展示方案设计、护城河调查与勘测资料等。书中较为详细地论述了城墙遗存保护与展示的基本原理。同时, 也在唐子城·宋宝城完全以公园形态出现之前, 留下了1批较为重要的资料。它真实记录了蜀岗古城遗址向国家考古遗址公园转化的第1阶段。 | |
| 410 | 0 | @12001 @a国家重要文化遗产地保护规划档案丛书 |
| 517 | 1 | @a唐子城·宋宝城城墙@Atang zi cheng ·song bao cheng cheng qiang |
| 606 | 0 | @a古城遗址(考古)@Agu cheng yi zhi (kao gu)@x保护@x城市规划@y扬州市 |
| 690 | @aTU984.253.3@v5 | |
| 701 | 0 | @a王学荣@Awang xue rong@4著 |
| 701 | 0 | @a武廷海@Awu ting hai@4著 |
| 701 | 0 | @a王刃馀@Awang ren yu@4著 |
| 801 | 0 | @aCN@c20180813 |
| 905 | @a河南城建学院图书馆@b21355290@dTU984.253.3@eW405@f1 | |
| 扬州城国家考古遗址公园.唐子城·宋宝城城墙/王学荣 ... [等] 著.-北京:中国建筑工业出版社,2017.11 |
| 176页:图 (部分彩图);25x34cm.-(国家重要文化遗产地保护规划档案丛书) |
| ISBN 978-7-112-21513-3(精装):CNY198.00 |
| 本书主要内容是关于扬州城国家考古遗址公园中唐子城、宋宝城城墙遗迹保护与展示的概念性设计方案。该方案系根据2012年中国社会科学院、清华大学建筑学院共同完成的《扬州城国家考古遗址公园--唐子城·宋宝城城垣及护城河保护展示总则》(出版名称) 的主导思想完成的。其主要内容涵盖了对扬州蜀岗上唐子城、宋宝城历史城壕遗存的结构分析、保存状况评估、保护与展示方案设计、护城河调查与勘测资料等。书中较为详细地论述了城墙遗存保护与展示的基本原理。同时, 也在唐子城·宋宝城完全以公园形态出现之前, 留下了1批较为重要的资料。它真实记录了蜀岗古城遗址向国家考古遗址公园转化的第1阶段。 |
| ● |
| 相关链接 |
|
|
|
正题名:扬州城国家考古遗址公园
索取号:TU984.253.3/W405
 
预约/预借
| 序号 | 登录号 | 条形码 | 馆藏地/架位号 | 状态 | 备注 |
| 1 | 1243977 | 212439770 | 建筑库201/201建筑库 96排1列5层/ [索取号:TU984.253.3/W405] | 在馆 | |
| 2 | 1355290 | 213552902 | 建筑库201/201建筑库 96排1列5层/ [索取号:TU984.253.3/W405] | 在馆 |